Normal view MARC view
  • Sancho Gil, Juana María

Entry Nombre Personal

Number of records used in: 1

001 - NUMERO DE CONTROL

  • campo de control: 56935

003 - IDENTIFICADOR DE NUMERO DE CONTROL

  • campo de control: MX-MxUPN

005 - FECHA Y HORA DE LA ÜLTIMA TRANSACCIÓN

  • campo de control: 20251111121228.0

008 - DATOS DE LONGITUD FIJA

  • campo de control de longitud fija: 250610na acnnnaabn b a|a d

040 ## - FUENTE DE CATALOGACIÓN

  • Agencia original de catalogación: MX-MxUPN

100 ## - ENCABEZAMIENTO - NOMBRE PERSONAL

  • Nombre personal: Sancho Gil, Juana María

670 ## - FUENTE EN LA QUE SE LOCALIZARON DATOS

  • Cita de la fuente: Historias de vida en educación: Sujeto, diálogo, experiencia
  • Información localizada: Portada: (Coordinación: ...Juana María Sancho), (Autores: ...Juana María Sncho Gil)

902 ## - CATALOGADOR

  • Catalogador: Maiella Martínez

902 ## - CATALOGADOR

  • Catalogador: Berenice Martínez/111125